| 000 | 00457nam a2200133Ia 4500 | ||
|---|---|---|---|
| 008 | 250506s9999 xx 000 0 und d | ||
| 024 | _a05B-066-TE & 05B-081-TE | ||
| 082 | _a621.38456072 WAJ | ||
| 100 | _aMuhammad Rehan Bhatti & Shoaib Yousuf | ||
| 245 | 0 | _aStudy and Simulation of GSM Architecture & Evolution in GSM from 2G to 3G | |
| 260 |
_aKarachi: _bUIT, _c2005 |
||
| 600 | _aTelecommunication Engineering | ||
| 650 | _aBachelor of Engineering (BE) | ||
| 999 |
_c28258 _d28258 |
||